000 00723cam a22002411 4500
001 ne 66000759
003 DLC
005 20260227111822.0
008 890307s1965 ua b 000 0 ara
010 _ane 66000759
025 _aPL480:UAR-6944
035 _a(OCoLC)19318972
040 _aDLC
_cWaU
_dWaU
_dDLC
042 _apremarc
050 0 0 _aPJ6075
_b.A53
100 1 _aAmīn, ʻUthmān.
_d1905-
245 1 0 _aFalsafat al-lughah al-ʻArabīyah
_c[taʼlīf] ʻUthmān Amīn.
260 _a[al-Qāhirah]
_bal-Dār al-Miṣrīyah lil-Taʼlīf wa-al-Tarjamah,
_c1965.
300 _a110 p.
_c17 cm.
440 0 _aMaktabah al-thaqāfīyah ;
_v144
504 _aBibliographical footnotes.
650 0 _aArabic language.
999 _c48814
_d48814